| 000 | 00660nam a2200253 a 4500 | ||
|---|---|---|---|
| 001 | nice12345678 | ||
| 003 | IN_TiNIC | ||
| 005 | 20260116013114.0 | ||
| 008 | 050524s1991 loua grp 000 0 eng | ||
| 020 |
_a0664926 _c100 |
||
| 082 | 0 | 0 |
_a266.2 _bMIT |
| 100 | _aMitchell, Margaret M | ||
| 245 | _aPaul and the Rhetoric of Reconciliation | ||
| 260 |
_aLouisville _bWestminister Press _c1991 |
||
| 300 | _a380p | ||
| 500 | _aincludes index and biblioraphy | ||
| 505 | 2 | _aIndex | |
| 650 | _aBible N.T. Epistles Corinthians | ||
| 650 | _aBible-Rhetoric | ||
| 700 | 1 | _aMitchell, Margaret M | |
| 902 | _bSRS | ||
| 942 | _cBK | ||
| 999 |
_c9671 _d9671 |
||